[Event "Fall tournament"]
[Site "SchemingMind.com"]
[Date "2014.10.02"]
[Round "-"]
[White "Eric111"]
[Black "mmccaffe"]
[Result "1-0"]
[WhiteCountry "USA"]
[BlackCountry "USA"]
[WhiteElo "1483"]
[WhiteRD "46"]
[BlackElo "1695"]
[BlackRD "64"]
[GameID "366321"]

1. c4 Nf6 2. d4 g6 3. Nc3 Bg7 4. e4 d6 5. f3 O-O 6. Bd3 Nbd7 7. Nge2 c5 8. d5 a6 9. a3 Ne5 10. O-O Nxd3
11. Qxd3 Rb8 12. Bg5 h6 13. Bxf6 Bxf6 14. f4 Bd7 15. f5 b5 16. b3 bxc4 17. bxc4 Rb3 18. fxg6 fxg6 19. e5 Bxe5 20. Qxg6+ Bg7
21. Rxf8+ Qxf8 22. Rf1 Qe8 23. Qg3 Qd8 24. Rc1 Qf8 25. Nf4 Qf5 26. Nfe2 Qg4 27. Qxg4 Bxg4 28. Kf2 Rb2 29. Ke3 Bxc3 30. Nxc3 Rxg2
31. Rh1 Rc2 32. Kd3 Bf5+ 33. Ne4 Bxe4+ 34. Kxe4 Rxc4+ 35. Kf5 Ra4 36. Rg1+ Kh7 37. Ke6 Rxa3 38. Kxe7 c4 39. Kxd6 c3 40. Rc1 a5
41. Kc5 Rb3 42. d6 Rb8 43. Rxc3 Kg7 44. d7 Rd8 45. Kc6 Kf7 46. Re3 a4 47. Kc7 a3 48. Kxd8 a2 49. Re1
1-0

[Event "Fall tournament"]
[Site "SchemingMind.com"]
[Date "2014.10.02"]
[Round "-"]
[White "mmccaffe"]
[Black "Eric111"]
[Result "1-0"]
[WhiteCountry "USA"]
[BlackCountry "USA"]
[WhiteElo "1695"]
[WhiteRD "64"]
[BlackElo "1483"]
[BlackRD "46"]
[GameID "366322"]

1. e4 c6 2. d4 d5 3. e5 Bf5 4. Nf3 e6 5. Bd3 Bxd3 6. Qxd3 Nd7 7. O-O c5 8. c3 h6 9. Be3 Ne7 10. Nbd2 cxd4
11. cxd4 Ng6 12. h3 h5 13. Ng5 Be7 14. Nxe6 fxe6 15. Qxg6+ Kf8 16. Qxe6 Qe8 17. Qxd5 b6 18. f4 Rd8 19. Qe6 Qf7 20. f5 Qxe6
21. fxe6+ Ke8 22. exd7+ Rxd7 23. Rad1
1-0

[Event "Fall tournament"]
[Site "SchemingMind.com"]
[Date "2014.10.02"]
[Round "-"]
[White "mmccaffe"]
[Black "Scooter"]
[Result "0-1"]
[WhiteCountry "USA"]
[BlackCountry "USA"]
[WhiteElo "1690"]
[WhiteRD "57"]
[BlackElo "1761"]
[BlackRD "48"]
[GameID "366323"]

1. e4 c6 2. d4 d5 3. Nc3 dxe4 4. Nxe4 Bf5 5. Ng3 Bg6 6. Nf3 Nd7 7. Bd3 Bxd3 8. Qxd3 Ngf6 9. O-O Qc7 10. b3 O-O-O
11. Bb2 e6 12. Qe2 Bd6 13. c4 Rhe8 14. c5 Bxg3 15. fxg3 Nd5 16. a4 f6 17. Ba3 e5 18. Qb2 exd4 19. Nxd4 Ne5 20. b4 Nd3
21. Qb3 Re3 22. Qc4 N3xb4 23. Bxb4 Nxb4 24. Qxb4 Re4 25. Rfd1 Qe5 26. Rab1 Rd7 27. Nxc6 Rxb4 28. Nxe5 Rxd1+ 29. Rxd1 fxe5 30. Rd5 e4
31. Re5 Rxa4 32. Re7 Rc4 33. Rxg7 e3 34. Kf1 Rxc5 35. Re7 Rc1+ 36. Ke2 Rc2+ 37. Kf3 Rf2+ 38. Kxe3 Rxg2 39. Rxh7 a5 40. Rh8+ Kc7
41. Rh7+ Kc6 42. Rh6+ Kc5 43. Rh5+ Kb4 44. Rh7 b5 45. Kf3 Rc2 46. g4 a4 47. g5 Rc8 48. g6 a3 49. g7 Rg8 50. h4 a2
51. h5 a1=Q
0-1

[Event "Fall tournament"]
[Site "SchemingMind.com"]
[Date "2014.10.02"]
[Round "-"]
[White "Scooter"]
[Black "mmccaffe"]
[Result "1-0"]
[WhiteCountry "USA"]
[BlackCountry "USA"]
[WhiteElo "1752"]
[WhiteRD "44"]
[BlackElo "1695"]
[BlackRD "64"]
[GameID "366324"]

1. d4 Nf6 2. Nf3 g6 3. Bf4 Bg7 4. e3 O-O 5. Be2 d6 6. O-O Nbd7 7. h3 c5 8. c3 b6 9. Nbd2 Bb7 10. Bb5 a6
11. Bxd7 Qxd7 12. Re1 Ne4 13. Qc2 Nxd2 14. Nxd2 Rac8 15. Qb3 cxd4 16. exd4 Qc6 17. f3 Rfe8 18. Rac1 e5 19. dxe5 dxe5 20. Be3 Kh8
21. Qxb6 Qxb6 22. Bxb6 Bh6 23. Be3 Bxe3+ 24. Rxe3 Rcd8 25. Nc4 Bd5 26. Nxe5 f6 27. Ng4 Rxe3 28. Nxe3 Bc6 29. Rd1 Re8 30. Kf2 Kg7
31. Rd6
1-0

[Event "Fall tournament"]
[Site "SchemingMind.com"]
[Date "2014.10.03"]
[Round "-"]
[White "mmccaffe"]
[Black "kenneth m day"]
[Result "0-1"]
[WhiteCountry "USA"]
[BlackCountry "USA"]
[WhiteElo "1690"]
[WhiteRD "57"]
[BlackElo "1657"]
[BlackRD "51"]
[GameID "366325"]

1. Nf3 d5 2. g3 c5 3. Bg2 Nc6 4. O-O Nf6 5. d4 cxd4 6. Nxd4 e5 7. Nxc6 bxc6 8. c4 Bb7 9. cxd5 cxd5 10. Nc3 Qd7
11. Bg5 Be7 12. Bxf6 Bxf6 13. Nxd5 Bxd5 14. Qxd5 Qxd5 15. Bxd5 Rd8 16. Rad1 O-O 17. e4 Rb8 18. b3 Rfd8 19. Rc1 Bg5 20. f4 exf4
21. gxf4 Bh6 22. Rc7 Rf8 23. Rf2 g6 24. Rxa7 Bg7 25. Rc2 Bd4+
0-1

[Event "Fall tournament"]
[Site "SchemingMind.com"]
[Date "2014.10.02"]
[Round "-"]
[White "kenneth m day"]
[Black "mmccaffe"]
[Result "1/2-1/2"]
[WhiteCountry "USA"]
[BlackCountry "USA"]
[WhiteElo "1712"]
[WhiteRD "48"]
[BlackElo "1717"]
[BlackRD "57"]
[GameID "366326"]

1. e4 c5 2. d4 cxd4 3. c3 dxc3 4. Nxc3 Nc6 5. Bc4 e6 6. Nf3 d6 7. O-O a6 8. Qe2 Qc7 9. Bf4 Nf6 10. Rfd1 e5
11. Bg5 Bg4 12. Qe3 Nd4 13. Be2 Nxe2+ 14. Qxe2 Be7 15. h3 Bh5 16. Rac1 Qd7 17. Qe3 O-O 18. g4 Nxg4 19. hxg4 Qxg4+ 20. Kf1 Bxg5
21. Nxg5 h6 22. Nh3 f5 23. Qg3 Qxg3 24. fxg3 Bxd1 25. Rxd1 fxe4+ 26. Ke2 Rfd8 27. Nxe4 d5 28. Nef2 Rac8 29. Rd2 Kf7 30. Ng4 Ke6
31. Nhf2 h5 32. Ne3 d4 33. Ng2 Rc7 34. Ne4 Kd5 35. Ng5 e4 36. Nf4+ Ke5 37. Nge6 e3 38. Nxc7 exd2 39. Kxd2 Rc8 40. Nce6 Re8
41. Nxg7 Rg8 42. Nfe6 Kf6 43. Kd3 Rxg7 44. Nxg7 Kxg7 45. Kxd4 Kf6 46. Ke4 Kg5 47. Kf3 Kf5 48. b3 b5 49. b4 Kg5 50. Ke3 Kg4
51. Kf2 Kf5 52. Kf3 Kg5=
1/2-1/2

[Event "Fall tournament"]
[Site "SchemingMind.com"]
[Date "2014.10.02"]
[Round "-"]
[White "mmccaffe"]
[Black "Alan Whitham"]
[Result "1-0"]
[WhiteCountry "USA"]
[BlackCountry "ENG"]
[WhiteElo "1695"]
[WhiteRD "64"]
[BlackElo "1521"]
[BlackRD "51"]
[GameID "366327"]

1. e4 e5 2. Nf3 d6 3. d4 Qe7 4. d5 Nf6 5. Nc3 Bg4 6. h3 Bxf3 7. Qxf3 g6 8. Bg5 Bg7 9. Bd3 O-O 10. h4 Qe8
11. g4 h6 12. Bxf6 Bxf6 13. Qxf6 Nd7 14. Qf3 a6 15. O-O-O b5 16. Qg3 Nc5 17. f4 b4 18. Ne2 a5 19. f5 Nd7 20. g5 h5
21. fxg6 fxg6 22. Rdf1 Kg7 23. Rf3 Rg8 24. Rhf1 Kh8 25. Rf7 Rb8 26. Qh3 Rf8 27. Qf3 Rg8 28. Ng3 Ra8 29. Nxh5 Rf8 30. Rxf8+ Nxf8
31. Nf6 Qb8 32. h5 a4 33. hxg6 b3 34. Qh5+
1-0

[Event "Fall tournament"]
[Site "SchemingMind.com"]
[Date "2014.10.02"]
[Round "-"]
[White "Alan Whitham"]
[Black "mmccaffe"]
[Result "0-1"]
[WhiteCountry "ENG"]
[BlackCountry "USA"]
[WhiteElo "1521"]
[WhiteRD "51"]
[BlackElo "1695"]
[BlackRD "64"]
[GameID "366328"]

1. e4 c5 2. Nc3 d6 3. Nf3 Nc6 4. Bb5 Bd7 5. O-O a6 6. Bxc6 Bxc6 7. d4 Nf6 8. d5 Bd7 9. Bg5 g6 10. Qd2 Bg7
11. a4 O-O 12. b3 Ng4 13. h3 Ne5 14. Nxe5 Bxe5 15. Bh6 Re8 16. f4 Bd4+ 17. Kh1 Qa5 18. f5 Qxc3 19. Qxc3 Bxc3 20. Rab1 Bg7
21. Bxg7 Kxg7 22. fxg6 fxg6 23. Rfe1 b5 24. a5 b4 25. Kh2 Rf8 26. Re2 Rf4 27. Rb2 Raf8 28. Rb1 Rf2 29. Ree1 Rxc2 30. Kg1 Rff2
0-1

[Event "Fall tournament"]
[Site "SchemingMind.com"]
[Date "2014.10.02"]
[Round "-"]
[White "mmccaffe"]
[Black "Ramesh Panwar"]
[Result "0-1"]
[WhiteCountry "USA"]
[BlackCountry "IND"]
[WhiteElo "1695"]
[WhiteRD "64"]
[BlackElo "2162"]
[BlackRD "60"]
[GameID "366329"]

1. c4 e5 2. Nc3 Nc6 3. g3 Nf6 4. Bg2 Bc5 5. Nf3 d6 6. O-O O-O 7. e3 Bf5 8. d4 Bb6 9. d5 Ne7 10. Re1 c6
11. dxc6 bxc6 12. b3 Ba5 13. Bd2 Qc7 14. Na4 Bxd2 15. Nxd2 Rad8 16. e4 Bg4 17. f3 Be6 18. Rc1 c5 19. Nf1 Nc6 20. Ne3 Nd4
21. Nd5 Nxd5 22. cxd5 Bc8 23. Nc3 Ba6 24. Bf1 Qb6 25. Ne2 Nxf3+
0-1

[Event "Fall tournament"]
[Site "SchemingMind.com"]
[Date "2014.10.02"]
[Round "-"]
[White "Ramesh Panwar"]
[Black "mmccaffe"]
[Result "1-0"]
[WhiteCountry "IND"]
[BlackCountry "USA"]
[WhiteElo "2162"]
[WhiteRD "60"]
[BlackElo "1695"]
[BlackRD "64"]
[GameID "366330"]

1. d4 d5 2. c4 c6 3. Nf3 Nf6 4. Nc3 dxc4 5. e4 Bg4 6. e5 Nd5 7. Bxc4 e6 8. O-O Nd7 9. h3 Bh5 10. Bd2 Bb4
11. Bd3 Bg6 12. Bxg6 hxg6 13. Nxd5 Bxd2 14. Qxd2 cxd5 15. Rfc1 O-O 16. a4 Rc8 17. Rxc8 Qxc8 18. Ng5 Qc4 19. Rc1 Qxa4 20. Qf4 f6
21. exf6 Rxf6 22. Rc8+ Nf8 23. Qd6 Qd1+ 24. Kh2 Qd2 25. Nxe6 Qxf2 26. Qe7 Rf7 27. Rxf8+
1-0